[Event "AUTO-OPEN-206"]
[Site "http://www.queenalice.com/game.php?id=48151"]
[Date "2006.1.16"]
[Round "1"]
[White "blackrosary"]
[Black "bragchez"]
[Result "0-1"]
[WhiteElo "1243"]
[BlackElo "1636"]

1. d4 Nf6 2. Bg5 g6 3. e3 Bg7 4. Nf3 d6 5. Nc3 O-O 6. Be2 h6 7. Bxf6 exf6 8. O-O
d5 9. Qd2 a6 10. Rad1 c6 11. e4 Bg4 12. Qf4 Bxf3 13. Qxf3 dxe4 14. Qxe4 f5 15.
Qd3 b5 16. Nb1 Nd7 0-1

[Event "AUTO-OPEN-206"]
[Site "http://www.queenalice.com/game.php?id=48152"]
[Date "2006.1.16"]
[Round "1"]
[White "bragchez"]
[Black "blackrosary"]
[Result "1-0"]
[WhiteElo "1634"]
[BlackElo "1243"]

1. d4 d5 2. Nf3 Nf6 3. h3 e6 4. Bf4 Nbd7 5. e3 Be7 6. Bd3 O-O 7. O-O c6 8. Nbd2
Qb6 9. b3 a6 10. Ne5 Bb4 11. Ndf3 Bc3 12. Bg5 Qd8 13. Rb1 h6 14. Nxd7 Bxd7 15.
Bh4 1-0

[Event "AUTO-OPEN-206"]
[Site "http://www.queenalice.com/game.php?id=48153"]
[Date "2006.1.16"]
[Round "1"]
[White "blackrosary"]
[Black "Alcar"]
[Result "0-1"]
[WhiteElo "1318"]
[BlackElo "1604"]

1. e4 c6 2. d4 d5 3. Nc3 e6 4. Nf3 Nd7 5. Bd3 Bb4 6. Bd2 f6 7. O-O Ne7 8. Qe2 e5
9. a3 Ba5 10. b4 Bb6 11. dxe5 Nxe5 12. Nxe5 fxe5 13. Qh5+ g6 14. Qxe5 Rg8 15.
exd5 Bc7 16. Qg5 Nxd5 17. Rfe1+ Kf8 18. Qh6+ Rg7 19. Ne4 Bf5 20. Bg5 Bf4 0-1

[Event "AUTO-OPEN-206"]
[Site "http://www.queenalice.com/game.php?id=48154"]
[Date "2006.1.16"]
[Round "1"]
[White "Alcar"]
[Black "blackrosary"]
[Result "1-0"]
[WhiteElo "1609"]
[BlackElo "1307"]

1. d4 f5 2. c4 Nf6 3. Nc3 g6 4. Bg5 Bg7 5. Nf3 O-O 6. e3 d6 7. Be2 e6 8. d5 e5
9. O-O Nbd7 10. Nd2 a6 11. e4 f4 12. Nf3 h6 13. Bxf6 Nxf6 14. Nh4 Kh7 15. Nxg6
Kxg6 16. h4 h5 17. g3 Bh3 18. Re1 fxg3 19. fxg3 1-0

[Event "AUTO-OPEN-207"]
[Site "http://www.queenalice.com/game.php?id=48492"]
[Date "2006.1.18"]
[Round "1"]
[White "Fibe"]
[Black "blackrosary"]
[Result "1-0"]
[WhiteElo "1284"]
[BlackElo "1224"]

1. d4 Nf6 2. c4 e6 3. Nc3 Bb4 4. Qc2 O-O 5. e4 d5 6. e5 Ne4 7. Bd3 c5 8. a3
Bxc3+ 9. bxc3 Qa5 10. Bd2 Nxd2 11. Qxd2 1-0

[Event "AUTO-OPEN-207"]
[Site "http://www.queenalice.com/game.php?id=48493"]
[Date "2006.1.18"]
[Round "1"]
[White "blackrosary"]
[Black "Fibe"]
[Result "0-1"]
[WhiteElo "1224"]
[BlackElo "1199"]

1. g3 d5 2. Bg2 e5 3. d3 Nc6 4. a3 Nf6 5. b4 a6 6. Bb2 Be6 7. Nd2 Be7 8. Ngf3
Bd6 9. O-O O-O 10. c4 Re8 0-1

[Event "AUTO-OPEN-207"]
[Site "http://www.queenalice.com/game.php?id=48514"]
[Date "2006.1.18"]
[Round "1"]
[White "razoman"]
[Black "blackrosary"]
[Result "1-0"]
[WhiteElo "1907"]
[BlackElo "1242"]

1. e4 d5 2. exd5 Nf6 3. c4 e6 4. dxe6 Bxe6 5. Nc3 Nc6 6. Nf3 Bb4 7. Be2 Bxc3 8.
bxc3 O-O 9. d4 Bg4 10. O-O Nb8 11. Bg5 Nbd7 12. Ne5 Bxe2 13. Qxe2 1-0

[Event "AUTO-OPEN-207"]
[Site "http://www.queenalice.com/game.php?id=48515"]
[Date "2006.1.18"]
[Round "1"]
[White "blackrosary"]
[Black "razoman"]
[Result "0-1"]
[WhiteElo "1242"]
[BlackElo "1905"]

1. d4 Nf6 2. c4 e6 3. Nc3 c5 4. d5 d6 5. e4 e5 6. Nf3 Be7 7. Be2 O-O 8. O-O Nbd7
9. Bg5 a6 10. b3 h6 11. Bc1 Nh7 12. Be3 Ng5 13. Qc2 Nxf3+ 0-1

[Event "AUTO-OPEN-207"]
[Site "http://www.queenalice.com/game.php?id=48526"]
[Date "2006.1.18"]
[Round "1"]
[White "RIVAS"]
[Black "blackrosary"]
[Result "1-0"]
[WhiteElo "1736"]
[BlackElo "1358"]

1. e4 d5 2. Nc3 d4 3. Nd5 e6 4. Nf4 e5 5. Nfe2 Nc6 6. d3 Nf6 7. Ng3 Be7 8. Nf3
O-O 9. Be2 Be6 10. O-O Qd7 11. Ng5 Rad8 12. f4 exf4 13. Bxf4 1-0

[Event "AUTO-OPEN-207"]
[Site "http://www.queenalice.com/game.php?id=48527"]
[Date "2006.1.18"]
[Round "1"]
[White "blackrosary"]
[Black "RIVAS"]
[Result "0-1"]
[WhiteElo "1365"]
[BlackElo "1734"]

1. e4 e5 2. Bc4 Nf6 3. d4 exd4 4. Nf3 Bb4+ 5. c3 dxc3 6. O-O d6 7. Qb3 Ba5 8.
Bxf7+ Kf8 9. Nxc3 Bxc3 10. bxc3 Qe7 11. e5 dxe5 12. Bg5 Qxf7 0-1

[Event "Let's Play Chess!"]
[Site "http://www.queenalice.com/game.php?id=49376"]
[Date "2006.1.25"]
[Round "-"]
[White "blackrosary"]
[Black "claudesuzuki"]
[Result "0-1"]
[WhiteElo "1237"]
[BlackElo "1316"]

1. g3 d5 2. Bg2 c6 3. Nf3 f5 4. d4 Nd7 5. O-O e6 6. Nc3 Ngf6 7. e3 Bb4 8. Bd2
Bxc3 9. Bxc3 Ne4 10. Qd3 c5 11. dxc5 Ndxc5 12. Qd4 Qe7 13. Qxg7 Qxg7 14. Bxg7
Rg8 15. Bd4 Ng5 0-1

[Event "Let's Play Chess!"]
[Site "http://www.queenalice.com/game.php?id=49613"]
[Date "2006.1.27"]
[Round "-"]
[White "johnrbrown"]
[Black "blackrosary"]
[Result "1-0"]
[WhiteElo "1585"]
[BlackElo "1500"]

1. d4 Nf6 2. Nc3 d5 3. e4 dxe4 4. f3 exf3 5. Nxf3 Nbd7 6. Bd3 e6 7. O-O Be7 8.
Bg5 O-O 9. Qe1 a6 10. Qh4 c6 11. Ne5 1-0

[Event "AUTO-OPEN-211"]
[Site "http://www.queenalice.com/game.php?id=49853"]
[Date "2006.1.28"]
[Round "1"]
[White "Mayaune"]
[Black "blackrosary"]
[Result "1-0"]
[WhiteElo "1602"]
[BlackElo "1241"]

1. e4 d5 2. e5 c5 3. Nf3 Nc6 4. Bb5 Bd7 5. Bxc6 Bxc6 6. d4 e6 7. Bg5 Be7 8. Bxe7
Qxe7 9. O-O c4 10. c3 Nh6 11. Qd2 1-0

[Event "AUTO-OPEN-211"]
[Site "http://www.queenalice.com/game.php?id=49871"]
[Date "2006.1.28"]
[Round "1"]
[White "KyoteeSun"]
[Black "blackrosary"]
[Result "1-0"]
[WhiteElo "1440"]
[BlackElo "1258"]

1. e4 d5 2. Qf3 dxe4 3. Qxe4 Nf6 4. Qc4 e5 5. d3 Nc6 6. c3 Be7 7. f3 O-O 8. b4
Be6 9. Qh4 a6 10. g4 Nxg4 11. Qg3 Bh4 12. Qxh4 Qxh4+ 13. Kd1 Nf2+ 14. Kc2 Nxh1
15. Bg2 Qf2+ 16. Nd2 Qxg2 17. b5 axb5 18. Ba3 Rxa3 19. Rd1 Rxa2+ 20. Kb1 Rxd2
21. Kc1 Rc2+ 22. Kb1 Rb2+ 23. Kc1 1-0

[Event "AUTO-OPEN-211"]
[Site "http://www.queenalice.com/game.php?id=49872"]
[Date "2006.1.28"]
[Round "1"]
[White "blackrosary"]
[Black "KyoteeSun"]
[Result "0-1"]
[WhiteElo "1275"]
[BlackElo "1430"]

1. e4 e5 2. Bb5 c6 3. Ba4 b5 4. Bb3 Qa5 5. Nf3 f6 6. O-O g5 7. Bxg8 Rxg8 8. d3
d5 9. Nfd2 dxe4 10. Nxe4 Be7 11. Qh5+ Kd7 12. Qxh7 Re8 13. Nxf6+ Kd8 14. Nxe8
Kxe8 15. Qh5+ Kd7 16. Nc3 b4 17. Ne4 Kc7 18. Bxg5 Bxg5 19. Qxg5 Kb7 20. Nd6+ Kc7
21. Nxc8 Kxc8 22. Rfe1 Nd7 23. Qg8+ Kb7 0-1

[Event "AUTO-OPEN-213"]
[Site "http://www.queenalice.com/game.php?id=50457"]
[Date "2006.2.1"]
[Round "1"]
[White "esterminio1"]
[Black "blackrosary"]
[Result "1-0"]
[WhiteElo "1928"]
[BlackElo "1318"]

1. d4 d5 2. c4 e6 3. Nf3 Nf6 4. Bg5 Nbd7 5. Nc3 Be7 6. e3 O-O 7. Rc1 c6 8. cxd5
exd5 9. Bd3 Qc7 10. O-O a6 11. Qc2 1-0